National cyber Olympiad - 10 / (Record no. 155624)

MARC details
000 -LEADER
fixed length control field 00717nam a22002175i 4500
005 - DATE AND TIME OF LATEST TRANSACTION
control field 20190211114335.0
010 ## - LCCN (DPL NO)
LC control number B-7012230
020 ## - INTERNATIONAL STANDARD BOOK NUMBER
International Standard Book Number 9789357940689
Terms of availability 295.00
035 ## - SYSTEM CONTROL NUMBER
System control number B-701230
037 ## - SOURCE OF ACQUISITION
Source of stock number/acquisition DBAD
Stock number dpl
082 ## - DEWEY DECIMAL CLASSIFICATION NUMBER
Classification number 005
100 1# - MAIN ENTRY--PERSONAL NAME
Personal name Mehra, Navneet
245 10 - TITLE STATEMENT
Title National cyber Olympiad - 10 /
Statement of responsibility, etc by Navneet Mehra [and ] Ishita Bhown
260 ## - PUBLICATION, DISTRIBUTION, ETC. (IMPRINT)
Name of publisher, distributor, etc V & S Publishers
Date of publication, distribution, etc 2016
Place of publication, distribution, etc New Delhi
270 ## - ADDRESS
Address F-2/16, Ansari Road, Darya Ganj
City New Delhi
Postal code 110002
300 ## - PHYSICAL DESCRIPTION
Extent 200 p ;
Other physical details 24cm (pbk)
Dimensions Illus.
Accompanying material C.D.Rome
490 ## - SERIES STATEMENT
Series statement The Gen. X series
Volume number/sequential designation 10
700 ## - ADDED ENTRY--PERSONAL NAME
Personal name Bhown, Ishita
942 ## - ADDED ENTRY ELEMENTS (KOHA)
Source of classification or shelving scheme Dewey Decimal Classification
Item type Children Books
Classification part 005
Call number suffix MEH
Holdings
Withdrawn status Lost status Not for loan Collection code Home library Current library Date acquired Source of acquisition Cost, normal purchase price Full call number Barcode Copy number Cost, replacement price Koha item type
      Non-fiction Ashok Vihar Ashok Vihar 07/08/2018 DBAD/Children/Gift/02.08.2018 295.00 005 MEH B-701230 1 295.00 Children Books

© Delhi Public Library
Hit Counter
free hit counter